• 首页
  • 本馆介绍
  • 公告通知
  • 最新文献
  • 馆藏检索
  • 电子资源
  • 读者导购
  • 参考咨询
  • 我的图书馆
  • 登录
  • 详细信息显示
  • 放入我的书架
  • 预约/预借图书
  • 作者相关作品
  • 分类相关作品
  • 丛书相关作品
  • 出版社相关作品

书目信息

  • 表格格式
  • 工作单格式
  • 卡片格式
题名:
如果我当教师
    
 
作者: 叶圣陶 著
分册:  
出版信息: 长沙   湖南人民出版社有限责任公司  2022
页数: 200页
开本: 20cm
丛书名:
单 册:
中图分类: G40-092.74
科图分类:
主题词:
电子资源:
ISBN: 978-7-5561-2703-0
000 00854nam0 2200241 450
001 012024000264
005 20240924225235.0
010    @a978-7-5561-2703-0@dCNY42.00
100    @a20240924d2022 em y0chiy50 ea
101 0  @achi
102    @aCN@b430000
105    @ay z 000yy
106    @ar
200 1  @a如果我当教师@Aru guo wo dang jiao shi@f叶圣陶著
210    @a长沙@c湖南人民出版社有限责任公司@d2022
215    @a200页@d20cm
300    @a西席书屋
330    @a本书从“教师”视角出发,精选叶圣陶先生关于教师职业认知、教师教学问题与方法、教师自我修养等方面的文章,阐述了关于如何成为一名优秀教师的思想理念。
600  0 @a叶圣陶@f(1894-1988)@x教育思想@j文集
690    @aG40-092.74@v5
701  0 @a叶圣陶@Aye sheng tao@4著
801  0 @aCN@bAHXH@c20240924
905    @b214140044@b214140053@b214140062@b214140071@b214140080@dG40-092.74@e1414@f5
    
    如果我当教师/叶圣陶著.-长沙:湖南人民出版社有限责任公司,2022
    200页;20cm
    西席书屋
    
    ISBN 978-7-5561-2703-0:CNY42.00
    本书从“教师”视角出发,精选叶圣陶先生关于教师职业认知、教师教学问题与方法、教师自我修养等方面的文章,阐述了关于如何成为一名优秀教师的思想理念。
●
相关链接 在E读中查询图书 在五车中查询图书 在当当中查询图书 在豆瓣中查询图书


正题名:如果我当教师     索取号:G40-092.74/1414         预约/预借

序号 登录号 条形码 馆藏地/架位号 状态 备注
1 1414004   214140044   第一样本阅览室/ [索取号:G40-092.74/1414] 在馆    
2 1414005   214140053   第四借阅区/ [索取号:G40-092.74/1414] 在馆    
3 1414006   214140062   第四借阅区/ [索取号:G40-092.74/1414] 在馆    
4 1414007   214140071   第四借阅区/ [索取号:G40-092.74/1414] 在馆    
5 1414008   214140080   第四借阅区/ [索取号:G40-092.74/1414] 在馆    
唐山师范学院图书馆 欢迎您!
大连网信软件有限公司© 版权所有